[Event "Chicago op 32nd"]
[Site "Chicago"]
[Date "2023.05.26"]
[Round "2"]
[White "Matus, Nastassja A"]
[Black "De la Colina, Nicolas"]
[Result "1/2-1/2"]
[WhiteElo "1981"]
[BlackElo "2244"]
[PlyCount "70"]
[EventDate "2023.05.25"]
[EventType "swiss"]
[EventRounds "9"]
[EventCountry "USA"]
[SourceTitle "CBM 214 Extra"]
[Source "ChessBase"]
[SourceDate "2023.07.31"]
[SourceVersion "1"]
[SourceVersionDate "2023.07.31"]
[SourceQuality "1"]

1. d4 Nf6 2. c4 e6 3. g3 c5 4. d5 exd5 5. cxd5 d6 6. Nc3 g6 7. Bg2 Bg7 8. Nf3 0-0 9. 0-0 Re8 10. Nd2 a6 11. a4 Nbd7 12. Ra2 Qc7 13. b3 Rb8 14. a5 b5 15. axb6 Nxb6 16. Qc2 Bb7 17. e4 Nfd7 18. Bb2 Ne5 19. Na4 Bc8 20. f4 Nxa4 21. Rxa4 Nd7 22. Bxg7 Kxg7 23. Qc3+ Kg8 24. Nc4 Nb6 25. Ra2 Nxc4 26. bxc4 Rb4 27. Rfa1 f5 28. exf5 gxf5 29. Bf1 Qg7 30. Qxg7+ Kxg7 31. Kf2 Kf6 32. Re1 Rxe1 33. Kxe1 Rb3 34. Be2 Ke7 35. Kd2 Rb1 1/2-1/2

[Event "Pan American-ch U20 Girls"]
[Site "Pereira"]
[Date "2022.08.28"]
[Round "9"]
[White "Contreras Huaman, Fiorella Daiana"]
[Black "Matus, Nastassja A"]
[Result "1-0"]
[WhiteElo "1948"]
[BlackElo "1976"]
[PlyCount "107"]
[EventDate "2022.08.23"]
[EventType "swiss"]
[EventRounds "9"]
[EventCountry "COL"]
[SourceTitle "CBM 210 Extra"]
[Source "ChessBase"]
[SourceDate "2022.11.30"]
[SourceVersion "1"]
[SourceVersionDate "2022.11.30"]
[SourceQuality "1"]

1. e4 c6 2. d4 d5 3. exd5 cxd5 4. Bf4 Nc6 5. c3 Nf6 6. Nd2 Bg4 7. Qb3 Qd7 8. Ngf3 e6 9. Ne5 Qc8 10. Bb5 a6 11. Bxc6+ bxc6 12. Qa4 Bd6 13. Bg3 Bxe5 14. dxe5 Ne4 15. Nxe4 dxe4 16. Qxe4 Bf5 17. Qb4 c5 18. Qa4+ Qd7 19. Qxd7+ Kxd7 20. 0-0-0+ Ke7 21. c4 Rhd8 22. f3 f6 23. Bf2 Rdc8 24. Rhe1 Rc6 25. Re2 Rac8 26. Red2 R8c7 27. Bg3 Rb7 28. Rd6 Rcb6 29. b3 Ke8 30. Rd8+ Ke7 31. Rc8 Rd7 32. Rxd7+ Kxd7 33. Rxc5 Rb7 34. Bf2 Rb8 35. Bd4 fxe5 36. Bxe5 Rc8 37. Rxc8 Kxc8 38. Bxg7 Kd7 39. Kd2 Kc6 40. b4 Bg6 41. Kc3 Bf5 42. Be5 Bg6 43. a4 Be8 44. b5+ axb5 45. axb5+ Kc5 46. f4 h5 47. Bd4+ Kd6 48. Kb4 Kc7 49. c5 Bg6 50. c6 Be4 51. Kc5 Bxg2 52. b6+ Kd8 53. b7 Kc7 54. Be5+ 1-0

[Event "Pan American-ch U20 Girls"]
[Site "Pereira"]
[Date "2022.08.26"]
[Round "6"]
[White "Matus, Nastassja A"]
[Black "Hilario Huaranca, Aleyla Karen"]
[Result "1/2-1/2"]
[WhiteElo "1976"]
[BlackElo "1899"]
[PlyCount "75"]
[EventDate "2022.08.23"]
[EventType "swiss"]
[EventRounds "9"]
[EventCountry "COL"]
[SourceTitle "CBM 210 Extra"]
[Source "ChessBase"]
[SourceDate "2022.11.30"]
[SourceVersion "1"]
[SourceVersionDate "2022.11.30"]
[SourceQuality "1"]

1. d4 Nf6 2. c4 g6 3. g3 Bg7 4. Bg2 c5 5. d5 d6 6. Nc3 0-0 7. Nf3 e6 8. 0-0 exd5 9. cxd5 Re8 10. Bf4 Ne4 11. Nxe4 Rxe4 12. Nd2 Rb4 13. a3 Rxf4 14. gxf4 Bxb2 15. Ra2 Bg7 16. Qb3 Na6 17. Nc4 Rb8 18. a4 Nb4 19. Rd2 f5 20. Kh1 Bf8 21. f3 Qh4 22. e3 Bd7 23. Ra1 Bg7 24. Rb1 Bf8 25. Na3 Be8 26. Bf1 Rd8 27. Nc2 a5 28. Ne1 Bg7 29. Ng2 Qf6 30. Rc1 Qe7 31. Bc4 Bd7 32. Bb5 Bxb5 33. axb5 Qe8 34. Qa4 b6 35. h3 Rc8 36. Rc4 Qd7 37. Kg1 Qf7 38. Kh1 1/2-1/2

[Event "Pan American-ch U18 Girls"]
[Site "Montevideo"]
[Date "2022.06.27"]
[Round "2"]
[White "Bosco, Giuliana"]
[Black "Matus, Nastassja A"]
[Result "0-1"]
[WhiteElo "1843"]
[BlackElo "1908"]
[PlyCount "62"]
[EventDate "2022.06.26"]
[EventType "swiss"]
[EventRounds "9"]
[EventCountry "URU"]
[SourceTitle "EXT 2023"]
[Source "ChessBase"]
[SourceDate "2022.10.05"]
[SourceVersion "1"]
[SourceVersionDate "2022.10.05"]
[SourceQuality "1"]

1. e4 c6 2. d4 d5 3. e5 Bf5 4. h4 h5 5. Bd3 Bxd3 6. Qxd3 e6 7. Bg5 Qc7 8. Nf3 c5 9. c4 cxd4 10. cxd5 Qa5+ 11. Nbd2 Qxd5 12. Qxd4 Ne7 13. Nc4 Qxd4 14. Nxd4 Nd5 15. Rd1 Nd7 16. Rh3 Bb4+ 17. Ke2 Rc8 18. Rc1 0-0 19. Rg3 Kh7 20. Rc2 a6 21. a3 Bc5 22. Nb3 Ba7 23. Kd1 b5 24. Nd6 Rxc2 25. Kxc2 Nxe5 26. Bd2 f6 27. Ne4 Rc8+ 28. Kd1 Rc4 29. Nd6 Rxh4 30. Ne8 Ng6 31. Rd3 Bxf2 0-1

[Event "Pan American-ch U18 Girls"]
[Site "Montevideo"]
[Date "2022.06.27"]
[Round "3"]
[White "Matus, Nastassja A"]
[Black "Perez Hernandez, Vicmary C"]
[Result "1-0"]
[WhiteElo "1908"]
[BlackElo "1862"]
[PlyCount "95"]
[EventDate "2022.06.26"]
[EventType "swiss"]
[EventRounds "9"]
[EventCountry "URU"]
[SourceTitle "EXT 2023"]
[Source "ChessBase"]
[SourceDate "2022.10.05"]
[SourceVersion "1"]
[SourceVersionDate "2022.10.05"]
[SourceQuality "1"]

1. d4 Nf6 2. c4 g6 3. g3 Bg7 4. Bg2 0-0 5. Nc3 d6 6. e4 Nbd7 7. Nge2 e5 8. 0-0 exd4 9. Nxd4 Re8 10. Rb1 Nc5 11. f3 Bd7 12. b3 h5 13. Bb2 h4 14. g4 Nh7 15. h3 Ng5 16. Nd5 c6 17. Nf4 Qe7 18. Nde2 Be5 19. b4 Nce6 20. Nd3 Bxb2 21. Rxb2 Nc7 22. Rd2 Rad8 23. Nf2 d5 24. cxd5 cxd5 25. Nc3 Qf6 26. Nxd5 Nxd5 27. Rxd5 Bc6 28. Rxd8 Rxd8 29. Qe2 Ba4 30. Qe3 a6 31. e5 Qe7 32. f4 Ne6 33. a3 Nd4 34. Ne4 Bb5 35. Rf2 Qc7 36. Nd6 Nc6 37. Bd5 Qe7 38. Bxf7+ Kf8 39. Nxb5 axb5 40. Bxg6 Nd4 41. Be4 Qc7 42. Bg2 b6 43. f5 Qc4 44. e6 Re8 45. Qh6+ Ke7 46. Qxh4+ Kd6 47. Qg3+ Ke7 48. Qe5 1-0

[Event "Pan American-ch U18 Girls"]
[Site "Montevideo"]
[Date "2022.06.26"]
[Round "1"]
[White "Matus, Nastassja A"]
[Black "Yepez Montenegro, Gloria Luz"]
[Result "1-0"]
[WhiteElo "1908"]
[BlackElo "1456"]
[PlyCount "61"]
[EventDate "2022.06.26"]
[EventType "swiss"]
[EventRounds "9"]
[EventCountry "URU"]
[SourceTitle "EXT 2023"]
[Source "ChessBase"]
[SourceDate "2022.10.05"]
[SourceVersion "1"]
[SourceVersionDate "2022.10.05"]
[SourceQuality "1"]

1. d4 d5 2. c4 c6 3. Nf3 Nf6 4. Qc2 g6 5. g3 Bg7 6. Bg2 dxc4 7. Qxc4 Bf5 8. 0-0 Nbd7 9. Ng5 0-0 10. e4 Nb6 11. Qd3 Bd7 12. Nc3 e6 13. a4 Rc8 14. a5 Na8 15. e5 Nd5 16. Nge4 h6 17. h4 Nac7 18. Nd6 Rb8 19. Nce4 b6 20. axb6 axb6 21. f4 Ra8 22. Rxa8 Qxa8 23. h5 Nb4 24. Qd1 Ncd5 25. Qg4 Kh7 26. Nxf7 gxh5 27. Qxh5 Be8 28. Neg5+ Kg8 29. Nxh6+ Bxh6 30. Qxh6 Qa7 31. Nxe6 1-0

[Event "Wch U14 Girls"]
[Site "Porto Carras"]
[Date "2018.10.30"]
[Round "11.17"]
[White "Matus, Nastassja A"]
[Black "Zeliantsova, Kseniya"]
[Result "1/2-1/2"]
[WhiteElo "1983"]
[BlackElo "1804"]
[PlyCount "99"]
[EventDate "2018.10.20"]
[EventType "swiss"]
[EventRounds "11"]
[EventCountry "GRE"]
[SourceTitle "CBM 187 Extra"]
[Source "ChessBase"]
[SourceDate "2018.11.04"]
[SourceVersion "1"]
[SourceVersionDate "2018.11.04"]
[SourceQuality "1"]

1. d4 Nf6 2. Nf3 g6 3. Bf4 d6 4. h3 Bg7 5. e3 0-0 6. Be2 Nbd7 7. 0-0 Qe8 8. Bh2 e5 9. c4 Qe7 10. Nc3 c6 11. Rc1 a6 12. b4 e4 13. Nd2 d5 14. Qb3 Qe6 15. a4 Rd8 16. b5 Nf8 17. bxc6 bxc6 18. a5 Qf5 19. Na4 Be6 20. Nb6 Ra7 21. Qa4 dxc4 22. Ndxc4 Qg5 23. Bf4 Qh4 24. Bg3 Qh6 25. Ne5 Nd5 26. Qa3 Bxe5 27. Bxe5 Qg5 28. Kh2 f6 29. Bg3 h5 30. h4 Qf5 31. f3 g5 32. fxe4 Qxe4 33. Nxd5 Bxd5 34. Bf3 Qe6 35. Bxd5 cxd5 36. Qd3 Rg7 37. Rf5 Re8 38. hxg5 Rxg5 39. Rcf1 Qxe3 40. Qxe3 Rxe3 41. Rxg5+ fxg5 42. Rf5 Ne6 43. Rxd5 Ra3 44. Bd6 Ra4 45. Be5 Kf7 46. Rd7+ Kg6 47. Rd6 Kf5 48. Rxa6 Nxd4 49. Bxd4 Rxd4 50. Rb6 1/2-1/2

[Event "Wch U14 Girls"]
[Site "Porto Carras"]
[Date "2018.10.27"]
[Round "8"]
[White "Matus, Nastassja A"]
[Black "Caglar, Sila"]
[Result "0-1"]
[WhiteElo "1983"]
[BlackElo "2184"]
[PlyCount "144"]
[EventDate "2018.10.20"]
[EventType "swiss"]
[EventRounds "11"]
[EventCountry "GRE"]
[SourceTitle "CBM 187 Extra"]
[Source "ChessBase"]
[SourceDate "2018.11.04"]
[SourceVersion "1"]
[SourceVersionDate "2018.11.04"]
[SourceQuality "1"]

1. d4 Nf6 2. Nf3 g6 3. Bf4 c5 4. e3 Bg7 5. h3 Qb6 6. Qc1 0-0 7. c3 d5 8. Be2 Nc6 9. 0-0 Bf5 10. Nbd2 Rac8 11. Nb3 cxd4 12. exd4 Ne4 13. Qe3 a5 14. Nfd2 Rfe8 15. Nxe4 Bxe4 16. Qd2 e5 17. dxe5 Nxe5 18. Be3 Qc7 19. Nc5 Rcd8 20. Nxe4 dxe4 21. Qc2 Nc4 22. Bxc4 Qxc4 23. Rfd1 Rd3 24. Rd2 Red8 25. Rad1 h5 26. Qb3 b5 27. Qxc4 bxc4 28. Kf1 a4 29. a3 f5 30. Ke2 Be5 31. Rxd3 cxd3+ 32. Kd2 Rb8 33. Kc1 Kf7 34. h4 Ke6 35. g3 Rb7 36. Re1 Kd5 37. Rd1 Kc4 38. Bg5 Kb3 39. Kb1 Bg7 40. Bf4 Kc4 41. Kc1 Bf6 42. Bd2 Be7 43. Bf4 Bc5 44. Rf1 Re7 45. Be3 Bxe3+ 46. fxe3 Rg7 47. Rf2 g5 48. Rxf5 gxh4 49. gxh4 Rg1+ 50. Kd2 Rg2+ 51. Kc1 d2+ 52. Kc2 d1Q+ 53. Kxd1 Rxb2 54. Rxh5 Rb3 55. Rh8 Rxa3 56. h5 Kd3 57. Rd8+ Kxe3 58. h6 Ra1+ 59. Kc2 Ra2+ 60. Kc1 Rh2 61. Ra8 Rxh6 62. Rxa4 Kf3 63. Ra8 e3 64. Rf8+ Ke2 65. Kc2 Ke1 66. c4 e2 67. c5 Rh5 68. Rc8 Re5 69. Rh8 Rxc5+ 70. Kb2 Re5 71. Kc2 Kf2 72. Rf8+ Ke3 0-1

[Event "Wch U14 Girls"]
[Site "Porto Carras"]
[Date "2018.10.24"]
[Round "6"]
[White "Matus, Nastassja A"]
[Black "Kostina, Veronika"]
[Result "1-0"]
[WhiteElo "1983"]
[BlackElo "1700"]
[PlyCount "107"]
[EventDate "2018.10.20"]
[EventType "swiss"]
[EventRounds "11"]
[EventCountry "GRE"]
[SourceTitle "CBM 187 Extra"]
[Source "ChessBase"]
[SourceDate "2018.11.04"]
[SourceVersion "1"]
[SourceVersionDate "2018.11.04"]
[SourceQuality "1"]

1. d4 e6 2. c4 d5 3. Nf3 c5 4. cxd5 exd5 5. g3 Nc6 6. Bg2 Nf6 7. 0-0 Be7 8. b3 0-0 9. Bb2 Be6 10. dxc5 Bxc5 11. Nc3 a6 12. Na4 Ba7 13. Rc1 Qe7 14. a3 Na5 15. Bc3 Nc6 16. b4 Rac8 17. Bb2 Ne4 18. e3 b5 19. Nc3 Rfd8 20. Ne2 Nd6 21. Nfd4 Nc4 22. Nxc6 Rxc6 23. Bd4 Rcd6 24. Bxa7 Qxa7 25. Nd4 Qb6 26. Qd3 h6 27. Rb1 Ne5 28. Qb3 Nc4 29. Qa2 R6d7 30. Rfc1 Ra7 31. Rc3 Bg4 32. h3 Bh5 33. a4 Bg6 34. Rbc1 Rdd7 35. a5 Qd6 36. Qb3 Nd2 37. Rc8+ Kh7 38. Qc3 Nc4 39. Kh2 Rdc7 40. Rxc7 Rxc7 41. Nb3 Rc6 42. Nc5 Qd8 43. Qd4 Rf6 44. Kg1 Na3 45. e4 Qe7 46. e5 Rc6 47. Bxd5 Rc7 48. Qb2 Nc4 49. Bxc4 bxc4 50. Nxa6 Rb7 51. Qc3 Rb5 52. Nc5 Rxc5 53. bxc5 Qxc5 54. a6 1-0

[Event "US Masters op"]
[Site "Greensboro"]
[Date "2018.08.19"]
[Round "5"]
[White "Myers, Dominique"]
[Black "Matus, Nastassja A"]
[Result "1/2-1/2"]
[WhiteElo "2009"]
[BlackElo "2006"]
[PlyCount "103"]
[EventDate "2018.08.17"]
[EventType "swiss"]
[EventRounds "9"]
[EventCountry "USA"]
[SourceTitle "CBM 186 Extra"]
[Source "ChessBase"]
[SourceDate "2018.08.24"]
[SourceVersion "1"]
[SourceVersionDate "2018.08.24"]
[SourceQuality "1"]

1. e4 c6 2. d4 d5 3. e5 Bf5 4. Nc3 e6 5. g4 Bg6 6. Nge2 c5 7. Be3 cxd4 8. Nxd4 a6 9. f4 Ne7 10. Qf3 Nbc6 11. 0-0-0 Nxd4 12. Bxd4 h5 13. h3 Nc6 14. Kb1 Nxd4 15. Rxd4 Qb6 16. Rd1 hxg4 17. hxg4 Rxh1 18. Qxh1 0-0-0 19. f5 exf5 20. Nxd5 Qe6 21. gxf5 Bxf5 22. a3 Kb8 23. Bc4 Qg6 24. Ne3 Rxd1+ 25. Qxd1 Bc5 26. Nxf5 Qxf5 27. Qd5 Bb6 28. Qd6+ Ka7 29. Bd5 Qf1+ 30. Ka2 Qb5 31. c4 Qc5 32. Qxc5 Bxc5 33. Bxf7 a5 34. Kb3 b6 35. Kc3 Kb7 36. Kd3 Kc7 37. Ke4 Kd7 38. Kd5 Ke7 39. Be6 g6 40. Bg4 Kf7 41. Kc6 Ke7 42. Kb5 Bd4 43. b4 axb4 44. axb4 Be3 45. Kc6 Bf2 46. Kd5 Bg3 47. Kc6 Bf2 48. Kd5 Bg3 49. Bh3 Bh2 50. Kc6 Bg1 51. Kb5 Bf2 52. Kc6 1/2-1/2

[Event "USA-ch U20 Girls"]
[Site "Saint Louis"]
[Date "2018.07.21"]
[Round "9"]
[White "Matus, Nastassja A"]
[Black "Nguyen, Emily"]
[Result "0-1"]
[WhiteElo "1960"]
[BlackElo "2215"]
[PlyCount "88"]
[EventDate "2018.07.12"]
[EventType "tourn"]
[EventRounds "9"]
[EventCountry "USA"]
[SourceTitle "CBM 185 Extra"]
[Source "ChessBase"]
[SourceDate "2018.07.29"]
[SourceVersion "1"]
[SourceVersionDate "2018.07.29"]
[SourceQuality "1"]

1. d4 d5 2. Bf4 c5 3. e3 Nc6 4. Nf3 Nf6 5. Nbd2 Bg4 6. c3 e6 7. Be2 Bd6 8. Ne5 Bxe2 9. Qxe2 Qc7 10. Nxc6 Bxf4 11. Nxa7 Rxa7 12. exf4 cxd4 13. cxd4 Qxf4 14. Qb5+ Nd7 15. Nf3 Qe4+ 16. Kd2 Qf4+ 17. Ke2 Qe4+ 18. Kd2 b6 19. Rhc1 0-0 20. Qd3 Qf4+ 21. Qe3 Qd6 22. a3 b5 23. Qc3 g6 24. g3 Rfa8 25. Rab1 Nb6 26. Qc5 Qb8 27. Ne5 Qb7 28. Ke2 Nc4 29. Nxc4 bxc4 30. h3 Ra5 31. Qd6 Rb5 32. Rc2 Rb3 33. h4 c3 34. Qc5 Qa6+ 35. Ke3 Rc8 36. Rxc3 Rxc3+ 37. bxc3 Rxc5 38. dxc5 Qxa3 39. Rb8+ Kg7 40. Kd4 Qa2 41. Ke3 Qc4 42. Rc8 Qxc3+ 43. Ke2 d4 44. c6 d3+ 0-1

[Event "Wch U12 Girls"]
[Site "Pocos de Caldas"]
[Date "2017.08.23"]
[Round "3"]
[White "Matus, Nastassja A"]
[Black "Cai, Boheng"]
[Result "1-0"]
[WhiteElo "1910"]
[BlackElo "1710"]
[PlyCount "121"]
[EventDate "2017.08.22"]
[EventType "swiss"]
[EventRounds "11"]
[EventCountry "BRA"]
[SourceTitle "CBM 180 Extra"]
[Source "ChessBase"]
[SourceDate "2017.10.06"]
[SourceVersion "1"]
[SourceVersionDate "2017.10.06"]
[SourceQuality "1"]

1. d4 Nf6 2. c4 e6 3. g3 Bb4+ 4. Bd2 Qe7 5. Nf3 Nc6 6. Nc3 d6 7. Bg2 Bxc3 8. Bxc3 Ne4 9. Rc1 0-0 10. d5 Nxc3 11. Rxc3 Nb8 12. dxe6 fxe6 13. 0-0 Nd7 14. Qc2 e5 15. Nd2 Nf6 16. Ne4 Kh8 17. Nxf6 Qxf6 18. Rf3 Qe7 19. Rxf8+ Qxf8 20. Rd1 Bf5 21. Qd2 Rb8 22. Qa5 Qc8 23. Qxa7 Ra8 24. Qxb7 Qxb7 25. Bxb7 Rxa2 26. Rd2 Ra7 27. Bd5 Bh3 28. f3 h5 29. Be4 Kg8 30. Bg6 Kf8 31. Bxh5 Ra1+ 32. Kf2 Rf1+ 33. Ke3 Bf5 34. Bg4 Bg6 35. Be6 Ke7 36. Bd5 Kd7 37. c5 Rh1 38. cxd6 cxd6 39. h4 Rc1 40. g4 Rc5 41. Be4 Bf7 42. Rc2 Ra5 43. Bf5+ Ke7 44. Kf2 g6 45. Rc7+ Ke8 46. Bd3 d5 47. b4 Ra8 48. Bb5+ Kf8 49. Bc6 Rb8 50. b5 Be6 51. Ra7 d4 52. Ra8 Rxa8 53. Bxa8 Ke7 54. Bc6 Bf7 55. b6 Kd6 56. b7 Kc7 57. Ke1 Bc4 58. Be8 Kxb7 59. Bxg6 Kc7 60. h5 Bg8 61. h6 1-0

[Event "Pan American-ch U18 Girls"]
[Site "San Jose"]
[Date "2017.07.03"]
[Round "5"]
[White "Vittal, Sanjana"]
[Black "Matus, Nastassja A"]
[Result "1/2-1/2"]
[WhiteElo "1870"]
[BlackElo "1865"]
[PlyCount "79"]
[EventDate "2017.07.01"]
[EventType "swiss"]
[EventRounds "9"]
[EventCountry "CRI"]
[SourceTitle "EXT 2022"]
[Source "ChessBase"]
[SourceDate "2021.10.06"]
[SourceVersion "1"]
[SourceVersionDate "2021.10.06"]
[SourceQuality "1"]

1. e4 c5 2. Nc3 Nc6 3. Bb5 Nd4 4. Nf3 a6 5. Bc4 g6 6. Nxd4 cxd4 7. Ne2 Bg7 8. d3 e6 9. 0-0 Ne7 10. f4 0-0 11. f5 exf5 12. Bg5 d6 13. Nf4 Qc7 14. Qe1 b5 15. Bb3 d5 16. Bxe7 Qxe7 17. Nxd5 Qd8 18. Qb4 Ra7 19. Rae1 Be6 20. Nf4 Bxb3 21. axb3 fxe4 22. Rxe4 Re8 23. Rfe1 Rxe4 24. Rxe4 Bf8 25. Qe1 Re7 26. c4 dxc3 27. bxc3 Rxe4 28. Qxe4 Qa5 29. Ne2 Qa2 30. b4 Bd6 31. g3 a5 32. bxa5 Qxa5 33. Kg2 Bf8 34. h4 h6 35. Qd5 Qa4 36. Kf3 b4 37. cxb4 Qxb4 38. Nf4 Qe1 39. Qa2 Qh1+ 40. Qg2 1/2-1/2

[Event "Wch U12 Girls"]
[Site "Batumi"]
[Date "2016.10.22"]
[Round "4"]
[White "Samadashvili, Martha"]
[Black "Matus, Nastassja A"]
[Result "0-1"]
[WhiteElo "1861"]
[BlackElo "1815"]
[PlyCount "200"]
[EventDate "2016.10.19"]
[EventType "swiss"]
[EventRounds "11"]
[EventCountry "GEO"]
[SourceTitle "EXT 2018"]
[Source "ChessBase"]
[SourceDate "2017.10.13"]
[SourceVersion "1"]
[SourceVersionDate "2017.10.13"]
[SourceQuality "1"]

1. e4 e6 2. d4 d5 3. e5 c5 4. c3 Qb6 5. Nf3 Nc6 6. a3 c4 7. Nbd2 Na5 8. h4 Bd7 9. g3 Ne7 10. Bh3 h6 11. h5 0-0-0 12. 0-0 g6 13. Ne1 Bg7 14. Ng2 Kb8 15. Kh2 Rdg8 16. Ne3 Nf5 17. Ng2 Bf8 18. hxg6 fxg6 19. g4 Ne7 20. f4 h5 21. g5 Bg7 22. Nh4 Rd8 23. Qc2 Be8 24. Qb1 Rf8 25. Rf3 Rc8 26. Bf1 Nf5 27. Nxf5 Rxf5 28. Be2 Nb3 29. Nxb3 Qxb3 30. Be3 Ba4 31. Bf1 Qb6 32. Bh3 Rff8 33. Rf2 Be8 34. Qd1 Rc6 35. Rb1 Qa5 36. Qd2 Rb6 37. Bf1 Ba4 38. Be2 Qb5 39. Kg3 Qb3 40. Bf3 Rh8 41. Kh4 Bf8 42. Ra1 Be7 43. f5 gxf5 44. Bd1 Qb5 45. Bxa4 Qxa4 46. Rh2 Qe8 47. Bf4 Rc6 48. Rg2 Rc7 49. Qc2 Qg6 50. Qa4 Bd8 51. Rg3 a6 52. b3 Ka7 53. bxc4 Rxc4 54. Qb3 Rh7 55. Rb1 Ba5 56. Qb2 Rhc7 57. Rc1 R4c6 58. Qb3 Bb6 59. Qb4 Rf7 60. Rb1 Bd8 61. Rc1 Bb6 62. c4 Rxc4 63. Rxc4 dxc4 64. Qxc4 Ba5 65. Qc5+ Bb6 66. Qd6 Bc7 67. Qb4 Bd8 68. Rb3 Rg7 69. Rg3 Rd7 70. Qa4 Re7 71. Qc4 Bb6 72. Rb3 Bd8 73. Qc5+ Kb8 74. Qd6+ Kc8 75. Rc3+ Rc7 76. Rxc7+ Bxc7 77. Qf8+ Bd8 78. Qc5+ Bc7 79. d5 Kd7 80. d6 Bd8 81. Qa7 Kc6 82. Qb8 Qe8 83. Qc8+ Kd5 84. Qxb7+ Kd4 85. Qxa6 Qd7 86. a4 Kc3 87. Qb5 Qa7 88. Qc6+ Kb3 89. Qf3+ Kxa4 90. Qd1+ Kb5 91. Qb3+ Kc6 92. Qc4+ Kb7 93. Bg3 Qe3 94. Qf4 Qe2 95. Kh3 Ba5 96. Bh2 Bd2 97. Qg3 Qf1+ 98. Kh4 Be1 99. g6 Qf4+ 100. Kh3 Bxg3 0-1

[Event "Wch U12 Girls"]
[Site "Batumi"]
[Date "2016.10.21"]
[Round "3"]
[White "Matus, Nastassja A"]
[Black "Rakshitta, Ravi"]
[Result "1/2-1/2"]
[WhiteElo "1815"]
[BlackElo "2068"]
[PlyCount "131"]
[EventDate "2016.10.19"]
[EventType "swiss"]
[EventRounds "11"]
[EventCountry "GEO"]
[SourceTitle "EXT 2018"]
[Source "ChessBase"]
[SourceDate "2017.10.13"]
[SourceVersion "1"]
[SourceVersionDate "2017.10.13"]
[SourceQuality "1"]

1. d4 Nf6 2. c4 g6 3. g3 Bg7 4. Bg2 0-0 5. Nf3 d6 6. Nc3 c6 7. 0-0 Qa5 8. e4 e5 9. h3 Nbd7 10. Re1 exd4 11. Nxd4 Re8 12. Be3 Ne5 13. Bf1 Be6 14. Nxe6 Rxe6 15. Kg2 Rae8 16. Rb1 Ned7 17. f3 h5 18. b4 Qc7 19. Bf2 h4 20. Ne2 hxg3 21. Bxg3 Nh5 22. Nf4 Nxf4+ 23. Bxf4 Be5 24. Qd2 Nf6 25. Red1 Bxf4 26. Qxf4 Nh5 27. Qg4 Kg7 28. c5 d5 29. exd5 Nf4+ 30. Kh1 cxd5 31. Qg3 f6 32. a4 g5 33. Re1 Re5 34. Rxe5 Qxe5 35. Rc1 Qe3 36. Rb1 Qc3 37. Qg4 Kg6 38. Bg2 Qc2 39. Ra1 Qf2 40. Rf1 Re1 41. Rxe1 f5 42. Rf1 Qxf1+ 43. Bxf1 fxg4 44. fxg4 Kf6 45. Kg1 Ke5 46. Kf2 d4 47. a5 Kd5 48. Kf3 Ng6 49. Bd3 Ne5+ 50. Ke2 Nc6 51. Bf5 Nxb4 52. Bc8 Kxc5 53. Bxb7 a6 54. h4 gxh4 55. g5 Kd6 56. Kf3 Ke5 57. Kg4 d3 58. Bf3 h3 59. Kxh3 Kf5 60. Kh4 Kg6 61. Be4+ Kg7 62. Kg3 d2 63. Bf3 Nc6 64. Kf2 Nxa5 65. Ke2 Nc4 66. Be4 1/2-1/2

[Event "Wch U12 Girls"]
[Site "Batumi"]
[Date "2016.10.19"]
[Round "1"]
[White "Matus, Nastassja A"]
[Black "De Rycke, Tyani"]
[Result "1-0"]
[WhiteElo "1815"]
[BlackElo "1403"]
[PlyCount "71"]
[EventDate "2016.10.19"]
[EventType "swiss"]
[EventRounds "11"]
[EventCountry "GEO"]
[SourceTitle "EXT 2018"]
[Source "ChessBase"]
[SourceDate "2017.10.13"]
[SourceVersion "1"]
[SourceVersionDate "2017.10.13"]
[SourceQuality "1"]

1. d4 d5 2. c4 c6 3. Nf3 Nf6 4. Qb3 dxc4 5. Qxc4 Bf5 6. g3 e6 7. Bg2 Nbd7 8. 0-0 Be7 9. Nc3 0-0 10. Re1 Ne4 11. Bf4 Qb6 12. Nh4 Bxh4 13. Nxe4 Bxe4 14. Bxe4 Bf6 15. Red1 Rfd8 16. Rab1 Nf8 17. Be3 Qc7 18. b4 a6 19. a4 Rac8 20. b5 cxb5 21. Qxc7 Rxc7 22. axb5 a5 23. d5 Rcd7 24. Bb6 Ra8 25. dxe6 Rxd1+ 26. Rxd1 fxe6 27. Bc5 Rb8 28. Ba7 Ra8 29. b6 a4 30. Bxb7 Rd8 31. Rxd8 Bxd8 32. Ba6 Nd7 33. b7 Bc7 34. Bb5 Bb8 35. Bxb8 Nxb8 36. Bxa4 1-0

[Event "Windsor NAYCC U16-U18 Girls"]
[Site "Windsor"]
[Date "2016.08.09"]
[Round "5.19"]
[White "Matus, Nastassja A"]
[Black "Ding, Kimberly"]
[Result "1/2-1/2"]
[WhiteElo "1806"]
[BlackElo "1966"]
[PlyCount "93"]
[EventDate "2016.08.07"]
[EventType "swiss"]
[EventRounds "9"]
[EventCountry "CAN"]
[SourceTitle "EXT 2022"]
[Source "ChessBase"]
[SourceDate "2021.10.06"]
[SourceVersion "1"]
[SourceVersionDate "2021.10.06"]
[SourceQuality "1"]

1. d4 Nf6 2. c4 g6 3. g3 Bg7 4. Bg2 0-0 5. Nf3 d6 6. Nc3 Nbd7 7. 0-0 e5 8. e4 a6 9. Re1 Re8 10. d5 Nf8 11. b4 Re7 12. a4 Ne8 13. Ba3 f5 14. c5 Rf7 15. Nd2 f4 16. cxd6 cxd6 17. Nc4 h5 18. Rc1 Bh6 19. Rc2 fxg3 20. hxg3 h4 21. Qd3 hxg3 22. fxg3 Bg4 23. Bc1 Bxc1 24. Rcxc1 Rc8 25. Rf1 Rxf1+ 26. Qxf1 Rc7 27. Rc2 Ng7 28. b5 Nh5 29. Qd3 Rf7 30. Ne2 Qf6 31. Qe3 Nh7 32. Nc1 axb5 33. axb5 Ng5 34. Rf2 Qd8 35. Rxf7 Nxf7 36. Nb3 Bd7 37. b6 Bb5 38. Nba5 Qc8 39. Bf1 Nf6 40. Kg2 Kf8 41. Qf3 Ke7 42. Qe3 Ba6 43. Bd3 Ng4 44. Qe2 Nf6 45. Qe3 Ng4 46. Qe2 Nf6 47. Qe3 1/2-1/2

[Event "Windsor NAYCC U16-U18 Girls"]
[Site "Windsor"]
[Date "2016.08.09"]
[Round "4.17"]
[White "Ouellet, Maili Jade"]
[Black "Matus, Nastassja A"]
[Result "1-0"]
[WhiteElo "1906"]
[BlackElo "1806"]
[PlyCount "129"]
[EventDate "2016.08.07"]
[EventType "swiss"]
[EventRounds "9"]
[EventCountry "CAN"]
[SourceTitle "EXT 2022"]
[Source "ChessBase"]
[SourceDate "2021.10.06"]
[SourceVersion "1"]
[SourceVersionDate "2021.10.06"]
[SourceQuality "1"]

1. d4 d5 2. c4 dxc4 3. e4 e5 4. Nf3 exd4 5. Bxc4 Nf6 6. e5 Nd5 7. 0-0 Be7 8. Qxd4 Nb6 9. Qxd8+ Bxd8 10. Bb3 0-0 11. Bd2 h6 12. Bc3 c5 13. Nbd2 Bf5 14. Rfe1 Re8 15. Ne4 Be7 16. Nf6+ gxf6 17. exf6 c4 18. Bd1 Nc6 19. fxe7 Rxe7 20. Rxe7 Nxe7 21. Ne5 Ng6 22. Bf3 Nxe5 23. Bxe5 Re8 24. Bf4 Kh7 25. Bxb7 Re2 26. b3 c3 27. Bf3 Re7 28. Rc1 c2 29. g4 Bd3 30. Kg2 Nd7 31. Kg3 Re6 32. Bd5 Ra6 33. b4 Nf6 34. Bb3 Rc6 35. f3 Kg6 36. Kf2 Kg7 37. Ke3 Bg6 38. Kd2 Ra6 39. Be5 Rb6 40. h4 Kg8 41. Bxc2 Nd7 42. Bc3 Ra6 43. h5 Bxc2 44. Rxc2 Rd6+ 45. Ke2 Nb6 46. Rd2 Re6+ 47. Kf2 Re8 48. Bf6 Nc4 49. Rd7 Ra8 50. f4 Nb6 51. Rd4 Rc8 52. g5 hxg5 53. fxg5 Rc2+ 54. Ke3 Rc8 55. b5 Nc4+ 56. Kf4 Na3 57. Rd5 Rb8 58. Be5 Rc8 59. g6 fxg6 60. hxg6 Rf8+ 61. Kg5 Nc4 62. Bf6 Nb6 63. Rd4 Rc8 64. Kf5 Re8 65. Rh4 1-0